000 00845naa a22002417u 4500
001 20337
003 HDC
007 cr bn ---aaaaa
008 210305t xx 000 0 eng
040 _aHDC
100 _aZUL-KIFLI BIN HUSSIN,
_eauthor
_918407
245 0 _aISU HALAL: CABARAN DAN PENYELESAIAN /
_cby ZUL-KIFLI BIN HUSSIN
260 _a[No place] :
_b[publisher not identified],
_c2009
336 _atext
_2rdacontent
337 _acomputer
_2rdamedia
338 _aonline resource
_2rdacarrier
650 _aHalal food industry
_zMalaysia
_9218
650 _aIslam
_xCustoms and practices
_9691
856 _zRequest full-text at [email protected]
942 _2lcc
942 _cEIJ
942 _kEMAG 000876
999 _c17653
_d17653